[Event "Zalakaros op"]
[Site "Zalakaros"]
[Date "1996.??.??"]
[Round "6"]
[White "Nagy, A."]
[Black "Hocevar, Nikola"]
[Result "1/2-1/2"]
[WhiteElo "2075"]
[BlackElo "2185"]

1.d4 d5 2.Nf3 Nf6 3.c4 e6 4.Nc3 c6 5.e3 Nbd7 6.Qc2 Be7 7.b3 O-O 8.Bb2 a5
9.Be2 Bb4 10.a3 Bxc3+ 11.Bxc3 b6 12.Bd3 Bb7 13.O-O h6 14.Rfd1 Qc7 15.Rac1 Rac8
16.Bb2 Qb8 17.b4 axb4 18.axb4 Rfd8 19.Qb3 Ba8 20.cxd5 cxd5 21.b5 Rxc1 22.Rxc1 Rc8
23.Ra1 Bb7 24.h3 Qc7 25.Nd2 Ra8 26.Ba3 Qd8 27.Rc1 Rc8 28.Rb1 Qc7 29.Bb2 Qd6
30.Nf3 Qb8 31.Ne1 Ne4 32.Nf3  1/2-1/2

[Event "Zaragoza op"]
[Site "Zaragoza"]
[Date "1996.??.??"]
[Round "1"]
[White "Del Rey, Diego"]
[Black "Korneev, Oleg"]
[Result "0-1"]
[WhiteElo "2350"]
[BlackElo "2590"]

1.d4 d5 2.c4 e6 3.Nf3 Nf6 4.Nc3 c6 5.e3 Nbd7 6.Qc2 Bd6 7.b3 O-O 8.Be2 Re8
9.O-O dxc4 10.bxc4 e5 11.Rd1 exd4 12.exd4 Nf8 13.Bg5 Ng6 14.d5 c5 15.Nb5 h6
16.Nxd6 Qxd6 17.Be3 Ng4 18.Qd2 Bf5 19.Re1 Re7 20.g3 Nxe3 21.fxe3 Rae8 22.Bf1 Bg4
23.Qf2 Bxf3 24.Qxf3 Ne5 25.Qf4 g5 26.Qf5 Kg7 27.Rab1 Qg6 28.Qxg6+ Kxg6 29.Be2 f5
30.Kf2 Nf7 31.Bd3 Kf6 32.Rb5 b6 33.h3 f4 34.gxf4 gxf4 35.e4 Ne5 36.Be2 Rg7
37.Rb3 Reg8 38.Bf1 Rg1 39.Reb1 Rh1 40.Bg2 Nd3+ 41.Rxd3 Rxb1 42.Rd2 Rc1 43.d6 Rxc4
44.e5+ Kxe5 45.Bd5 Rc2  0-1

[Event "Zaragoza op"]
[Site "Zaragoza"]
[Date "1996.??.??"]
[Round "8"]
[White "Paramos Dominguez, Roberto"]
[Black "San Segundo, Pablo"]
[Result "1/2-1/2"]
[WhiteElo "2415"]
[BlackElo "2535"]

1.d4 d5 2.c4 c6 3.Nc3 Nf6 4.e3 e6 5.Nf3 Nbd7 6.Bd3 dxc4 7.Bxc4 b5 8.Bd3 Bd6
9.e4 e5 10.Bg5 h6 11.Bh4 O-O 12.O-O Bb7 13.Re1 a6 14.Rc1 Re8 15.Bg3 c5 16.dxe5 Nxe5
17.Bb1 c4 18.a4 b4 19.Nd5 Nxf3+ 20.Qxf3 Bxd5 21.Bxd6 Qxd6 22.Red1 Nxe4 23.Bxe4 Bxe4
24.Rxd6 Bxf3 25.gxf3 Rac8 26.Rd4 b3 27.Rdxc4 Re1+ 28.Rxe1 Rxc4 29.Re8+ Kh7
30.Rb8 Rxa4 31.Rxb3 g5 32.Rb6 a5 33.Kg2 Rb4 34.Rxb4 axb4 35.Kf1 Kg6 36.Ke2 Kf5
37.Kd3 Kf4 38.Kc4 Kxf3 39.Kxb4 g4 40.Kc3 Kxf2 41.b4 h5 42.b5 h4 43.b6 g3
44.hxg3 hxg3 45.b7 g2 46.b8=Q g1=Q  1/2-1/2

[Event "Zaragoza op"]
[Site "Zaragoza"]
[Date "1996.??.??"]
[Round "8"]
[White "Kolev, Atanas"]
[Black "Antunes, Antonio"]
[Result "1/2-1/2"]
[WhiteElo "2510"]
[BlackElo "2545"]

1.d4 d5 2.c4 c6 3.Nf3 Nf6 4.Nc3 e6 5.e3 Nbd7 6.Qc2 Bd6 7.Bd2 O-O 8.Bd3 e5
9.cxd5 cxd5 10.Nb5 Bb8 11.dxe5 Nxe5 12.Nxe5 Bxe5 13.Bc3 Qe7 14.O-O Bg4 15.Qa4 a6
16.Bxe5 Qxe5 17.Qd4 Qg5 18.f4 Qh5 19.Nc3 Bd7 20.f5 Rfe8 21.Rf4 Bc6 22.Raf1 Rad8
23.a4 Ne4 24.Ne2 Rd6 25.h3 Qh6 26.Rd1 Rd7 27.Rf3 Qf6 28.b3 Re5 29.Qb2 Rxf5
30.Qxf6 Rxf6 31.Bxe4 dxe4 32.Rxd7 Bxd7 33.Rxf6 gxf6 34.a5 Kf8 35.b4 Ke7 36.Kf2 Kd6
37.Nc3 Ke5 38.h4 Be6 39.g3 Bg4 40.Ke1 Bd7 41.Kf2 Bc6 42.Kg2 Kf5 43.Kf2 Kg4
44.Ne2 Bb5 45.Nc3 Bd3 46.Nd5 Kf5 47.Nf4 Bc4 48.Ke1 Bb5 49.Kf2 Ke5 50.Ke1 Bd7
51.Kd2 Be6 52.Ke1 Bc4  1/2-1/2

[Event "Zaragoza op"]
[Site "Zaragoza"]
[Date "1996.??.??"]
[Round "9"]
[White "Suba, Mihai"]
[Black "Razuvaev, Yuri S"]
[Result "1/2-1/2"]
[WhiteElo "2565"]
[BlackElo "2580"]

1.Nf3 Nf6 2.c4 e6 3.Nc3 d5 4.d4 c6 5.e3 Nbd7 6.Be2 Be7 7.O-O O-O 8.b3 b6
9.Bb2 Bb7 10.Rc1 c5  1/2-1/2

[Event "Zlin op"]
[Site "Zlin"]
[Date "1996.??.??"]
[Round "?"]
[White "Tolstikh, Nikolay"]
[Black "Plsek, Miroslav"]
[Result "1-0"]
[WhiteElo "2420"]
[BlackElo "2045"]

1.Nf3 Nf6 2.c4 e6 3.Nc3 d5 4.d4 c6 5.e3 Bd6 6.Bd3 O-O 7.O-O Nbd7 8.e4 dxe4
9.Nxe4 Nxe4 10.Bxe4 Nf6 11.Bc2 c5 12.Qd3 h6 13.Rd1 Qc7 14.dxc5 Bxc5 15.b4 Be7
16.Bb2 Rd8 17.Qb3 b6 18.Be5 Bd6 19.Qd3 Bb7 20.Bxd6  1-0

[Event "Zlin op"]
[Site "Zlin"]
[Date "1996.??.??"]
[Round "8"]
[White "Polak, Tomas"]
[Black "Bashkov, Viacheslav"]
[Result "1/2-1/2"]
[WhiteElo "2440"]
[BlackElo "2420"]

1.d4 d5 2.c4 e6 3.Nf3 Nf6 4.Nc3 c6 5.e3 Nbd7 6.Qc2 Bd6 7.Be2 O-O 8.O-O Re8
9.Rd1 Qe7 10.a3 b6 11.e4 Nxe4 12.Nxe4 dxe4 13.Qxe4 Bb7 14.Bf4 Nf6 15.Qe3  1/2-1/2

[Event "Weihnachts op"]
[Site "Zuerich"]
[Date "1996.??.??"]
[Round "5"]
[White "Siegel, Georg"]
[Black "Ivanisevic, Ivan"]
[Result "1-0"]
[WhiteElo "2475"]
[BlackElo "2300"]

1.d4 d5 2.c4 c6 3.Nf3 Nf6 4.Nc3 e6 5.e3 Nbd7 6.Qc2 Bd6 7.Bd3 O-O 8.O-O dxc4
9.Bxc4 Qe7 10.a3 e5 11.h3 Bb8 12.Ba2 h6 13.b4 Re8 14.dxe5 Nxe5 15.Nd4 a5
16.Bb2 axb4 17.axb4 Kh8 18.b5 c5 19.Nf5 Qd7 20.Ng3 c4 21.Rfd1 Qe7 22.Nd5 Nxd5
23.Rxd5 Rxa2 24.Rxa2 f6 25.Ra8 Be6 26.Ba3 Qf7 27.Rd4 Nd3 28.Bd6 Bxd6 29.Rxe8+ Qxe8
30.Rxd6 Bg8 31.b6 Qe7 32.Rd4 Qa3 33.Rd8 Qb4 34.Rb8 Qb3 35.Qe2 Qb1+ 36.Kh2 Qxb6
37.Qg4 Qc7 38.Rc8 Qf7 39.Nf5 b5 40.Qg3 Ne5 41.f4 Nd3 42.Nd6 Qd7 43.Qg6 Qxd6
44.Qf7  1-0

[Event "RUS-Cup4"]
[Site "Perm"]
[Date "1997.02.10"]
[Round "3"]
[White "Yakovich, Yuri"]
[Black "Filippov, Valerij"]
[Result "1-0"]
[WhiteElo "2575"]
[BlackElo "2510"]

1.d4 d5 2.c4 c6 3.Nc3 Nf6 4.e3 e6 5.Nf3 Nbd7 6.Bd3 dxc4 7.Bxc4 b5 8.Bd3 b4
9.Ne4 Bb7 10.Nxf6+ gxf6 11.e4 c5 12.Be3 Qb6 13.Rc1 O-O-O 14.O-O Kb8 15.Qe2 Rg8
16.Rfd1 f5 17.Bf4+ Bd6 18.Bxd6+ Qxd6 19.dxc5 Nxc5 20.Bb1 Qf4 21.Rxc5 fxe4
22.Ne1 Rxd1 23.Qxd1 e3 24.Qe2 Qd4 25.Qxe3 Qxb2 26.Be4  1-0

[Event "Clarin GP-f"]
[Site "Villa Gesell"]
[Date "1997.03.06"]
[Round "4"]
[White "Garcia Palermo, Carlos"]
[Black "Valerga, Diego"]
[Result "0-1"]
[WhiteElo "2480"]
[BlackElo "2445"]

1.d4 d5 2.c4 c6 3.e3 Nf6 4.Nc3 e6 5.Nf3 Nbd7 6.Qc2 Bd6 7.Bd3 O-O 8.O-O dxc4
9.Bxc4 Qe7 10.a3 e5 11.h3 Bb8 12.Rd1 h6 13.Ba2 Re8 14.Nh4 Nf8 15.Nf5 Qc7
16.Ne4 Nxe4 17.Qxe4 Bxf5 18.Qxf5 exd4 19.Rxd4 Ne6 20.Bxe6 Rxe6 21.f4 a6 22.Qd3 Ba7
23.Rd7 Qxf4 24.Rxb7 Qg3 25.Rd7 Rg6 26.Qf1 Bb8 27.Qxf7+ Kh7 28.Qf2 Qh2+ 29.Kf1 Qh1+  0-1

[Event "RUS-Cup6"]
[Site "Krasnodar"]
[Date "1997.03.11"]
[Round "1"]
[White "Yakovich, Yuri"]
[Black "Zakharov, Alexander V"]
[Result "1/2-1/2"]
[WhiteElo "2575"]
[BlackElo "2375"]

1.d4 d5 2.c4 c6 3.Nc3 Nf6 4.e3 e6 5.Nf3 a6 6.b3 b5 7.Bd3 Nbd7 8.O-O Be7 9.Qc2 Bb7
10.e4 b4 11.Na4 dxe4 12.Bxe4 Qc7 13.Bg5 h6 14.Bh4 Nxe4 15.Bxe7 c5 16.d5 exd5
17.cxd5 Bxd5 18.Rad1 Qc6 19.Bxc5 Nexc5 20.Nd4 Qg6 21.Rfe1+ Be4 22.f3 O-O
23.fxe4  1/2-1/2

[Event "Clarin GP-f"]
[Site "Villa Gesell"]
[Date "1997.03.13"]
[Round "10"]
[White "Fiorito, Fabian"]
[Black "Hoffman, Alejandro"]
[Result "1/2-1/2"]
[WhiteElo "2470"]
[BlackElo "2480"]

1.d4 d5 2.c4 e6 3.Nf3 Nf6 4.Nc3 c6 5.e3 Nbd7 6.Bd3 Bd6 7.e4 dxe4 8.Nxe4 Nxe4
9.Bxe4 h6 10.O-O O-O 11.Bc2 Re8 12.Qd3 Nf8 13.b3 b6 14.Bb2 Bb7 15.Rad1 Qe7
16.Qe3 Rad8  1/2-1/2

[Event "Clarin GP-f"]
[Site "Villa Gesell"]
[Date "1997.03.13"]
[Round "10"]
[White "Ricardi, Pablo"]
[Black "Valerga, Diego"]
[Result "1-0"]
[WhiteElo "2575"]
[BlackElo "2445"]

1.Nf3 Nf6 2.c4 c6 3.Nc3 d5 4.e3 e6 5.d4 Nbd7 6.Bd3 dxc4 7.Bxc4 b5 8.Be2 Bb7
9.O-O Be7 10.e4 b4 11.e5 bxc3 12.exf6 Nxf6 13.bxc3 O-O 14.Rb1 Qc7 15.Bf4 Qxf4
16.Rxb7 Nd5 17.Qc2 Bf6 18.g3 Qf5 19.Qxf5 exf5 20.Rc1 Rfe8 21.Bc4 Re7 22.Bxd5 cxd5
23.Rxe7 Bxe7 24.Rb1 Rc8 25.Rb7 Bf8 26.Ne5 f6 27.Nd7 f4 28.Rxa7 f3 29.h4 Bd6
30.Ra6 Be7 31.Nb6 Rxc3 32.Nxd5 Rc1+ 33.Kh2 Bf8 34.g4 Rd1 35.Kg3 Rxd4 36.Ne3 Kf7
37.a4 Bc5 38.Rc6 Bd6+ 39.Kxf3 Be5 40.a5 h5 41.gxh5 Rxh4 42.a6 Ra4 43.Nc4 Bd4
44.Nd6+ Kg8 45.Nb5 Kh7 46.Nxd4 Rxd4 47.a7 Ra4 48.Rc7 Kh6 49.Ke3 f5 50.Kd3 Kxh5
51.Rxg7 Kh6 52.Rc7 Kg5 53.Kc3 Ra1 54.Kb4 Kg4 55.Rg7+ Kf4 56.Rf7 Ke4 57.Kc5 f4
58.Kb6 Kf3 59.Rf5 Ra2 60.Ra5 Rxa5 61.Kxa5 Kxf2 62.a8=Q f3 63.Kb4  1-0

[Event "RUS-Cup6"]
[Site "Krasnodar"]
[Date "1997.03.15"]
[Round "5"]
[White "Aleksandrov, Aleksej"]
[Black "Giorgadze, Giorgi"]
[Result "1/2-1/2"]
[WhiteElo "2615"]
[BlackElo "2595"]

1.d4 d5 2.c4 c6 3.Nc3 Nf6 4.e3 e6 5.Nf3 Nbd7 6.Bd3 dxc4 7.Bxc4 b5 8.Be2 Bb7
9.O-O Be7 10.e4 b4 11.e5 bxc3 12.exf6 Bxf6 13.bxc3 O-O 14.Rb1 Qc8 15.Qb3 Ba6
16.Bxa6 Qxa6 17.Qa3 Qxa3 18.Bxa3 Rfd8 19.g4 h6 20.h4 c5 21.Rb7 cxd4 22.cxd4 Nb6
23.g5 hxg5 24.hxg5 Bxd4 25.Rc1 Rac8 26.Rxa7 Rxc1+ 27.Bxc1 Bc5 28.Ba3 Bxa3
29.Rxa3 Nc4 30.Ra7 Rd5  1/2-1/2

[Event "Enghien Les Bains"]
[Site "Enghien Les Bains"]
[Date "1997.03.20"]
[Round "7"]
[White "Anic, Darko"]
[Black "Fontaine, Robert"]
[Result "0-1"]
[WhiteElo "2470"]
[BlackElo "2320"]

1.c4 Nf6 2.Nf3 c6 3.d4 d5 4.Nc3 e6 5.e3 Nbd7 6.Bd3 dxc4 7.Bxc4 b5 8.Bd3 Bb7
9.O-O b4 10.Ne4 Be7 11.Bd2 O-O 12.Rc1 c5 13.Qc2 Rc8 14.dxc5 Bxe4 15.Bxe4 Nxc5
16.Bxh7+ Nxh7 17.Bxb4 Qb6 18.Ba3 Qb7 19.h3 Nf6 20.Rfd1 Nce4 21.Qa4 Bxa3 22.Qxa3 a6
23.Ne5 Qb5 24.Nd3 Rxc1 25.Rxc1 Rd8 26.Nc5 Qe2 27.Qxa6 Qxf2+ 28.Kh1  0-1

[Event "Enghien Les Bains"]
[Site "Enghien Les Bains"]
[Date "1997.03.22"]
[Round "9"]
[White "Spraggett, Kevin"]
[Black "Bacrot, Etienne"]
[Result "0-1"]
[WhiteElo "2580"]
[BlackElo "2500"]

1.d4 d5 2.c4 c6 3.Nf3 Nf6 4.Nc3 e6 5.e3 Nbd7 6.Qc2 Bd6 7.Bd3 O-O 8.O-O h6
9.Rd1 Qe7 10.c5 Bb8 11.e4 e5 12.exd5 Nxd5 13.Bf1 Nxc3 14.bxc3 e4 15.Re1 Nf6
16.g3 Bf5 17.Bb2 Bh7 18.Qb3 Ng4 19.Re2 e3 20.Rxe3 Nxe3 21.Re1 Qd7 22.Rxe3 Bc7
23.Ba3 Rab8 24.Qa4 Rfe8 25.c4 Bf5 26.Bc1 Bg4 27.Qd1 b6 28.Ba3 Rxe3 29.fxe3 bxc5
30.Bxc5 Qe6 31.Qe2 Rb1 32.Kf2 Qe4 33.Bg2 Rc1 34.h3 Rc2 35.hxg4 Bxg3+ 36.Kf1 Rxe2
37.Kxe2 Qxg4 38.Kf1 Qf5 39.Ke2 Qc2+ 40.Nd2 Bc7 41.Be4 Qxa2  0-1

[Event "FRA-chT9697 final"]
[Site "Clichy"]
[Date "1997.05.01"]
[Round "8"]
[White "Pira, Davoud"]
[Black "Karr, Jean Philipp"]
[Result "1/2-1/2"]
[WhiteElo "2345"]
[BlackElo "2335"]

1.d4 d5 2.Nf3 Nf6 3.c4 c6 4.Nc3 e6 5.e3 Nbd7 6.Qc2 Bd6 7.Bd3 O-O 8.O-O dxc4
9.Bxc4 b5 10.Bd3 Bb7 11.h3 Re8 12.Ne4 Nxe4 13.Bxe4 f5 14.Bd3 c5 15.Bxb5 Bxf3
16.gxf3 Qg5+ 17.Kh1 Qh5 18.Kg2 Qg5+  1/2-1/2

[Event "FRA-chT9697 final"]
[Site "Clichy"]
[Date "1997.05.02"]
[Round "9"]
[White "Miralles, Gilles"]
[Black "Flear, Glenn C"]
[Result "1/2-1/2"]
[WhiteElo "2480"]
[BlackElo "2485"]

1.c4 e6 2.d4 d5 3.Nc3 c6 4.e3 Nf6 5.Nf3 Nbd7 6.Bd3 Bd6 7.O-O O-O 8.Qc2 Re8
9.e4 dxc4 10.Bxc4 e5 11.Be3 Qe7 12.Rad1 exd4 13.Bxd4 Ne5 14.Nxe5 Bxe5 15.h3 Bxd4
16.Rxd4 b5 17.Be2 Bb7 18.Bf3 Rad8 19.Rfd1 Rxd4 20.Rxd4 c5 21.Rd1 a6 22.Rc1 Nxe4
23.Nxe4 Bxe4 24.Bxe4 Qxe4 25.Qxe4 Rxe4 26.Rxc5 Re1+ 27.Kh2 g6  1/2-1/2

[Event "FRA-chT9697 final"]
[Site "Clichy"]
[Date "1997.05.03"]
[Round "10"]
[White "Summerscale, Aaron"]
[Black "Fontaine, Robert"]
[Result "0-1"]
[WhiteElo "2500"]
[BlackElo "2320"]

1.d4 d5 2.c4 e6 3.Nc3 c6 4.e3 Nf6 5.Nf3 Nbd7 6.Qc2 Bd6 7.Bd3 O-O 8.O-O Qe7
9.Re1 dxc4 10.Bxc4 e5 11.Bb3 h6 12.Nh4 Rd8 13.Nf5 Qf8 14.Bd2 Nb6 15.Ne2 e4
16.Nxd6 Qxd6 17.Ng3 Re8 18.f3 exf3 19.gxf3 Be6 20.Nf5 Qd7 21.Bxe6 fxe6 22.Ng3 Qd5
23.Kg2 Rf8 24.Bc3 Nh5 25.Qe4 Nxg3 26.Qxd5 cxd5 27.hxg3 Rac8 28.Re2 Rc6 29.Bb4 Rfc8
30.b3 Nd7 31.Rae1 Rb6 32.Ba3 Ra6 33.Rc1 Rxc1 34.Bxc1 Rc6 35.Bb2 Kf7 36.e4 Nf6
37.e5 Ng8 38.f4 h5 39.Kf3 Nh6 40.Rh2 Kg6 41.Re2 Kf5 42.Rh2 g6 43.Re2 Ng4
44.Rd2 Rc7 45.Re2 b6 46.Rd2 g5 47.fxg5 Kxg5 48.Re2 Nh6 49.Rd2 Rf7+ 50.Kg2 Kg4
51.Rd3 Nf5 52.Bc3 h4 53.Be1 h3+ 54.Kh2 Ne7 55.Kg1 Rf3 56.Rd1 Nf5 57.Bf2 h2+
58.Kg2 Rxf2+  0-1

[Event "FRA-chT9697 final"]
[Site "Clichy"]
[Date "1997.05.04"]
[Round "11"]
[White "Mainville, Eric"]
[Black "Hagege, Gerard"]
[Result "1-0"]
[WhiteElo "2205"]
[BlackElo "2185"]

1.d4 d5 2.Nf3 Nf6 3.c4 c6 4.Nc3 e6 5.e3 a6 6.Be2 b5 7.b3 bxc4 8.bxc4 Bb4
9.Bd2 Nbd7 10.O-O O-O 11.Nxd5 Nxd5 12.cxd5 Bxd2 13.dxe6 Bb4 14.exd7 Qxd7
15.Ne5 Qd6 16.Bf3 Bb7 17.Rb1 Rab8 18.Qa4 a5 19.Nd3 Ba6 20.Rfd1 Bb5 21.Qc2 Ba3
22.Nc5 Bxc5 23.dxc5 Qe6 24.Rd6 Qe5 25.Rbd1 Ba6 26.R6d4 Rb5 27.Rc1 Bb7 28.a4 Rb4
29.Rxb4 axb4 30.Qb3 Rb8 31.Qxb4 Ba8 32.Qd2 h6 33.g3 Qf6 34.Qd6 Qb2 35.Rd1 Rc8
36.Be4 g5 37.Qxh6  1-0

[Event "RUS-Cup7"]
[Site "Kstovo"]
[Date "1997.05.05"]
[Round "5"]
[White "Burmakin, Vladimir"]
[Black "Yagupov, Igor"]
[Result "1-0"]
[WhiteElo "2530"]
[BlackElo "2420"]

1.d4 d5 2.c4 c6 3.Nc3 Nf6 4.Nf3 e6 5.e3 Nbd7 6.Qc2 Bd6 7.Be2 O-O 8.O-O dxc4
9.Bxc4 Qe7 10.h3 e5 11.Bb3 Bc7 12.Rd1 h6 13.Nh4 Rd8 14.Nf5 Qf8 15.Bd2 Nb6
16.dxe5 Bxe5 17.f4 Bc7 18.Nh4 Nbd5 19.Nxd5 Nxd5 20.Bxd5 Rxd5 21.e4 Bb6+ 22.Kh1 Rd8
23.Bc3 Rxd1+ 24.Rxd1 Be6 25.f5 Bxa2 26.Qa4 Rd8 27.Rf1 Qe8 28.Nf3 Rd3 29.Qxa2 Qxe4
30.f6 g5 31.Re1 Re3 32.Qb1 Rxe1+ 33.Qxe1 Qd5 34.Qe8+ Kh7 35.Qf8 Kg6 36.Qg7+ Kf5
37.Qxh6 Qd1+ 38.Be1 Be3 39.Qh7+ Kxf6 40.Qe4 Bf4 41.h4 Qc1 42.hxg5+ Bxg5 43.g4 Be3
44.Qe5+ Kg6 45.Nh4+ Kh7 46.Qe4+ f5 47.Qe7+ Kg8 48.Qe8+  1-0

[Event "RUS-ch m1-2"]
[Site "Elista"]
[Date "1997.05.19"]
[Round "1.1"]
[White "Vyzmanavin, Alexey"]
[Black "Filippov, Valerij"]
[Result "0-1"]
[WhiteElo "2585"]
[BlackElo "2510"]

1.d4 d5 2.c4 c6 3.e3 Nf6 4.Nc3 e6 5.Nf3 Nbd7 6.Bd2 b6 7.Bd3 Bb7 8.O-O Be7
9.cxd5 cxd5 10.Qb1 O-O 11.Ne5 g6 12.f4 Ne8 13.Be1 Ng7 14.Bf2 f6 15.Nf3 Bb4
16.Ne2 Qe7 17.e4 dxe4 18.Bxe4 Bxe4 19.Qxe4 f5 20.Qe3 Ne8 21.Bh4 Ndf6 22.Ne5 Qb7
23.Nd3 Qe7 24.Nxb4 Qxb4 25.Qxe6+ Rf7 26.Qb3 Qxb3 27.axb3 Nd5 28.Nc3 Nec7
29.Rae1 Rd7 30.Re5 Nb4 31.d5 Re8 32.Rfe1 Kf7 33.Rxe8 Nxe8 34.Rd1 Nc7 35.d6 Ne6
36.g3 Nc2 37.Nb5 Nc5 38.b4 Nxb4 39.Nc7 Ne4 40.Nb5 a6 41.Rd4 Nc2 42.Rc4 Ne3
43.Rc7 Ke6 44.Nc3 Kxd6 45.Rxd7+ Kxd7 46.Nxe4 fxe4 47.Bf6 b5 48.Bd4 Nc2 49.Bh8 a5
50.Kf2 a4 51.Ke2 b4 52.Kd2 b3 53.g4 Ke6 54.Kc3 e3  0-1

[Event "RUS-ch m1-2"]
[Site "Elista"]
[Date "1997.05.22"]
[Round "2.1"]
[White "Zvjaginsev, Vadim"]
[Black "Burmakin, Vladimir"]
[Result "0-1"]
[WhiteElo "2610"]
[BlackElo "2530"]

1.d4 d5 2.c4 c6 3.Nc3 Nf6 4.Nf3 e6 5.e3 Nbd7 6.Qc2 Bd6 7.Bd3 O-O 8.O-O dxc4
9.Bxc4 Qe7 10.Bd2 e5 11.Bb3 e4 12.Ng5 Bxh2+ 13.Kxh2 Ng4+ 14.Kg1 Qxg5 15.Qxe4 Nb6
16.Qf3 Qh4 17.Qh3 Qxh3 18.gxh3 Nf6 19.Kg2 Re8 20.f3 Be6 21.e4 a5 22.Bxe6 Rxe6
23.b3 Nfd7 24.a4 f5 25.Rad1 fxe4 26.fxe4 Nf8 27.Bf4 Nbd7 28.Bg3 Nf6 29.Rfe1 Rae8
30.d5 cxd5 31.exd5 Re3 32.Rxe3 Rxe3 33.Be1 b6 34.Nb5 Nxd5 35.Rxd5 Rxe1 36.Rd8 g5
37.Rb8 Re6 38.Nc7 Rd6 39.Na8 Rd2+ 40.Kf3 Rd3+ 41.Kg4 Rxb3 42.Rxb6 Ra3 43.Ra6 Rxa4+
44.Kxg5 Ra1 45.h4 a4 46.h5 a3 47.Kh6 a2 48.Nc7 Rc1 49.Rxa2 Rc6+ 50.Kg5 h6+  0-1

[Event "Bordeaux m1"]
[Site "Bordeaux"]
[Date "1997.05.24"]
[Round "1.2"]
[White "Arencibia, Walter"]
[Black "Polgar, Sofia"]
[Result "1/2-1/2"]
[WhiteElo "2560"]
[BlackElo "2470"]

1.d4 d5 2.c4 e6 3.Nc3 c6 4.e3 Nf6 5.Nf3 Nbd7 6.Qc2 Bd6 7.Be2 O-O 8.b3 Re8
9.O-O dxc4 10.bxc4 e5 11.a4 exd4 12.exd4 Nf8 13.Bd3 Bg4 14.Ng5 Bh5 15.Bb2 Bc7
16.Nce4 Bg6 17.f4 Nxe4 18.Bxe4 Bxf4 19.Bxg6 Nxg6 20.Nxf7 Qh4 21.g3 Bxg3 22.hxg3 Qxg3+
23.Kh1 Qh3+ 24.Kg1 Qg4+ 25.Qg2 Qxg2+ 26.Kxg2 Re2+ 27.Kg3 Rxb2 28.Nd6 h5 29.Rab1 Rd2
30.Rxb7 Rxd4 31.Rxg7+ Kxg7 32.Nf5+ Kf6 33.Nxd4+ Kg5 34.Rf5+ Kh6 35.Nxc6 Rc8
36.Ne5 Nxe5 37.Rxe5 Rxc4 38.Re6+ Kg5 39.Re5+ Kf6 40.Ra5 Rc7  1/2-1/2

[Event "Shavuot Masters"]
[Site "Tel Aviv"]
[Date "1997.06.12"]
[Round "5"]
[White "Godes, Dmitry R"]
[Black "Rabinovich, Alexander"]
[Result "1/2-1/2"]
[WhiteElo "2400"]
[BlackElo "2350"]

1.d4 d5 2.c4 c6 3.e3 Nf6 4.Nf3 e6 5.Nc3 Nbd7 6.a3 Bd6 7.Bd3 O-O 8.O-O Qe7
9.e4 dxc4 10.Bxc4 e5 11.Bg5 Rd8 12.d5 Nb6 13.Ba2 c5 14.h3 a6 15.a4 Bd7 16.a5 Nc8
17.Nd2 Bc7 18.Bc4 Nd6 19.Qe2 Rac8 20.f4 h6 21.Bh4 g5 22.fxg5 Nh7 23.Bf2 Qxg5
24.h4 Qg7 25.Bxc5 Kh8 26.Nd1 Bb8 27.Bb6 Rg8 28.Bd3 f5 29.exf5 e4 30.Bxe4 Bb5
31.Qf2 Bxf1 32.Kxf1 Nf6 33.Bd3 Ng4 34.Bd4 Nxf2 35.Bxg7+ Rxg7 36.Nxf2 Rc5
37.Re1 Rxd5 38.Re6 Nxf5 39.g4 Nd6 40.Rxh6+ Kg8 41.Nde4 Nxe4 42.Bxe4 Rxa5
43.Bf5 Be5 44.Nd3 Rc7 45.Re6 Bg7 46.Kg2 Kf7 47.h5 Rc6 48.Re2 Kf6 49.Kf3 Rb6
50.Re8 Rab5 51.Rg8 Rd6 52.Ke3 Kf7 53.Rc8 Bxb2 54.Nxb2 Rxb2 55.g5 Rc6 56.Rd8 Rc3+
57.Bd3 Ke7 58.Rd4 Rb5 59.Kd2 Rxd3+ 60.Rxd3 Rxg5 61.Rb3 Rd5+ 62.Kc3 b5 63.Ra3 Rd6
64.Kb4 Kd7 65.Ka5 Kc7 66.Rg3  1/2-1/2

[Event "Shavuot Masters"]
[Site "Tel Aviv"]
[Date "1997.06.12"]
[Round "5"]
[White "Botvinnik, Ilia"]
[Black "Bykhovsky, Avigdor"]
[Result "0-1"]
[WhiteElo "2355"]
[BlackElo "2420"]

1.c4 c6 2.Nf3 d5 3.e3 Nf6 4.Nc3 e6 5.d4 Nbd7 6.Qc2 Bd6 7.Bd2 O-O 8.O-O-O c5
9.cxd5 exd5 10.Be1 a6 11.dxc5 Nxc5 12.Nxd5 Nxd5 13.Rxd5 Qe7 14.Bc3 g6 15.Be5 Bxe5
16.Rxe5 Ne6 17.Kb1 b5 18.Qb3 Qf6 19.Be2 Bb7 20.Qc3 b4 21.Rxe6 Qf5+ 22.Qc2 Qxe6
23.Nd4 Qe7 24.Bf3 Rac8 25.Qd3 Rfd8 26.h4 Rc5 27.Bxb7 Qxb7 28.Rg1 Rdc8 29.g3 a5
30.b3 Rc3 31.Qd2 Qe4+ 32.Ka1 Qe5 33.Kb1 h5 34.Rd1 Qe4+ 35.Ka1 Qg2 36.Kb1 Kh7
37.Kb2 R3c5 38.Qe2 R8c7 39.Qd2 Qa8 40.Ra1 Rc3 41.a4 Qe4 42.Rd1 Qd5 43.Qe2 Re7
44.Rd2 Rec7 45.Rd1 Rc8 46.Qf1 Qc5 47.Rb1 Rd8 48.Ka2 Rxd4  0-1

[Event "RUS-Cup9"]
[Site "Novgorod"]
[Date "1997.06.13"]
[Round "3"]
[White "Landa, Konstantin"]
[Black "Galliamova, Alisa"]
[Result "1-0"]
[WhiteElo "2570"]
[BlackElo "2440"]

1.d4 d5 2.Nf3 Nf6 3.c4 c6 4.Nc3 e6 5.e3 Nbd7 6.Bd3 dxc4 7.Bxc4 b5 8.Bd3 Bb7
9.O-O a6 10.e4 c5 11.d5 Qc7 12.dxe6 fxe6 13.Bc2 O-O-O 14.Ng5 Ne5 15.Qe2 Re8
16.Bf4 Bd6 17.Rad1 Rhf8 18.Bg3 h6 19.Nh3 g5 20.Rd2 Qc6 21.f4 gxf4 22.Nxf4 Bc7
23.Rdd1 c4 24.Kh1 h5 25.h3 h4 26.Bxh4 Nfd7 27.a3 Nc5 28.Nh5 Rh8 29.Bf6 Rh6
30.Bg5 Rg6 31.Be3 a5 32.Nd5 Ncd3 33.Nhf4 Nxf4 34.Nxf4 Rgg8 35.Bg1 Rh8 36.Bh2 Reg8
37.Bb1 Kb8 38.Rc1 a4 39.Rcd1 Ka8 40.Bg1 Ng4 41.Qd2 Be5 42.Qa5+ Kb8 43.Rf3 Nf6
44.Bh2 Nd7 45.Qd2 Rh7 46.Ne2 Rhg7 47.Bxe5+ Nxe5 48.Qf4 Qc7 49.Rg3 Rxg3 50.Nxg3 Nd3
51.Qxc7+ Kxc7 52.Bxd3 Rxg3 53.Bb1 Rb3 54.h4 Rxb2 55.h5 Rf2 56.Kh2 e5 57.Kg3 Rf8
58.Kh4 Bc8 59.g4 Rf2 60.Rg1 Kd6 61.h6 Rh2+ 62.Kg5 Kc5 63.Kg6 Kd4 64.g5 Kc3
65.h7 Kb2 66.Rg2+ Rxg2 67.h8=Q Bd7 68.Qh1 Rd2 69.Kf6 Be8 70.Kxe5 c3 71.Kf4 Kxa3
72.Qh8 b4 73.Qxe8 c2 74.Bxc2 Rxc2 75.g6 b3 76.g7 Rg2 77.Qf8+ Ka2  1-0

[Event "Sigeman & Co"]
[Site "Malmo"]
[Date "1997.06.14"]
[Round "5"]
[White "Akesson, Ralf"]
[Black "Hector, Jonny"]
[Result "1-0"]
[WhiteElo "2515"]
[BlackElo "2500"]

1.d4 d5 2.c4 c6 3.Nc3 Nf6 4.e3 e6 5.Nf3 Nbd7 6.Bd3 dxc4 7.Bxc4 b5 8.Bd3 a6
9.e4 c5 10.d5 c4 11.Bc2 Nc5 12.O-O b4 13.Na4 exd5 14.exd5 Qxd5 15.Qe1+ Qe6
16.Nb6 Rb8 17.Nxc8 Rxc8 18.Qxb4 Be7 19.Re1 Nd3 20.Qa4+ Qd7 21.Ne5 Qxa4 22.Bxa4+ Kf8
23.Nxd3 cxd3 24.Bd2 Nd5 25.Rac1 Rxc1 26.Rxc1 g5 27.Bb3 Nf4 28.Rc7 Rg8 29.Rc8+  1-0

[Event "Noosa op"]
[Site "Noosa"]
[Date "1997.06.15"]
[Round "5"]
[White "Wohl, Aleksandar H"]
[Black "Solomon, Stephen J"]
[Result "0-1"]
[WhiteElo "2425"]
[BlackElo "2395"]

1.d4 d5 2.c4 e6 3.Nc3 c6 4.Nf3 Nf6 5.e3 Nbd7 6.Bd3 dxc4 7.Bxc4 b5 8.Bd3 a6
9.O-O Bb7 10.e4 c5 11.d5 c4 12.Bc2 e5 13.Ne2 g6 14.b3 cxb3 15.axb3 Rc8 16.h3 Qc7
17.Ra2 h6 18.Bd2 Bc5 19.Ng3 Kf8 20.Kh1 Kg7 21.Nh4 Bd4 22.Bb1 Qc5 23.Qf3 b4
24.Ne2 a5 25.Bd3 Qb6 26.Nxd4 Qxd4 27.Be3 Qxd3 28.Bxh6+ Rxh6 29.Nf5+ gxf5
30.Qxd3 fxe4 31.Qb5 Bxd5 32.Rd2 Rc5 33.Qa4 e3 34.fxe3 Rxh3+ 35.Kg1 Rxe3 36.Qa1 Rxb3
37.Qe1 Rcc3 38.Qh4 Rg3 39.Rf5 Rb1+ 40.Kh2 Rg6 41.Rg5 b3 42.Rxg6+ fxg6  0-1

[Event "Sigeman & Co"]
[Site "Malmo"]
[Date "1997.06.16"]
[Round "7"]
[White "Akesson, Ralf"]
[Black "Hansen, Curt"]
[Result "1/2-1/2"]
[WhiteElo "2515"]
[BlackElo "2605"]

1.d4 d5 2.c4 c6 3.Nf3 Nf6 4.Nc3 e6 5.e3 Nbd7 6.Qc2 Bd6 7.Be2 O-O 8.O-O Re8
9.Rd1 Qe7 10.a3 b6 11.e4 Nxe4 12.Nxe4 dxe4 13.Qxe4 Bb7 14.Bf4 Bxf4 15.Qxf4 e5
16.Nxe5 Nxe5 17.Qxe5 Qxe5 18.dxe5 Rxe5 19.Bf3 Kf8 20.Rd7 Rae8 21.h4 R8e7
22.Rd8+ Re8 23.Rd7 R8e7 24.Rd8+  1/2-1/2

[Event "RUS-Cup9"]
[Site "Novgorod"]
[Date "1997.06.16"]
[Round "5"]
[White "Khatov, Anton"]
[Black "Beshukov, Sergei"]
[Result "0-1"]
[WhiteElo "2360"]
[BlackElo "2435"]

1.d4 d5 2.c4 e6 3.Nc3 c6 4.e3 Nf6 5.Nf3 Nbd7 6.Bd3 dxc4 7.Bxc4 b5 8.Bd3 a6
9.e4 c5 10.d5 c4 11.Bc2 Qc7 12.O-O Bb7 13.Nd4 Nc5 14.b4 cxb3 15.axb3 b4 16.Na4 Ncxe4
17.Bxe4 Nxe4 18.dxe6 Bd6 19.g3 O-O 20.f3 Bxg3 21.Qe2 Be5 22.Be3 Nc3 23.Nxc3 bxc3
24.Ra4 Qe7 25.f4 Bf6 26.Qg4 fxe6 27.Nxe6 Rfe8 28.f5 Bd5 29.Bc5 Qf7 30.Ng5 Qc7
31.Bd4 c2 32.Rc1 Re1+  0-1

[Event "RUS-Cup9"]
[Site "Novgorod"]
[Date "1997.06.17"]
[Round "6"]
[White "Vyzmanavin, Alexey"]
[Black "Galkin, Alexander"]
[Result "1/2-1/2"]
[WhiteElo "2585"]
[BlackElo "2510"]

1.d4 d5 2.c4 c6 3.e3 Nf6 4.Nc3 e6 5.Nf3 Nbd7 6.Qc2 Bd6 7.Bd3 dxc4 8.Bxc4 b5
9.Bd3 Bb7 10.Bd2 Qe7 11.O-O a6 12.e4 e5 13.Rfe1 O-O 14.Bg5 h6 15.Bh4 Qe6
16.dxe5 Nxe5 17.Nd4 Qe7 18.Nf5 Qe6 19.Nxd6 Qxd6 20.Rad1 Nxd3 21.Rxd3 Qe6  1/2-1/2

[Event "RUS-Cup9"]
[Site "Novgorod"]
[Date "1997.06.19"]
[Round "7"]
[White "Shchukin, Dmitry"]
[Black "Beshukov, Sergei"]
[Result "0-1"]
[WhiteElo "2310"]
[BlackElo "2435"]

1.c4 e6 2.d4 d5 3.Nc3 c6 4.e3 Nf6 5.Nf3 Nbd7 6.Qc2 Bd6 7.g4 Bb4 8.Bd2 dxc4
9.g5 Nd5 10.Bxc4 Be7 11.Rg1 Nb4 12.Qe4 b5 13.Be2 Bb7 14.O-O-O Qb8 15.Qg4 a6
16.e4 c5 17.Bf4 Bd6 18.Bxd6 Qxd6 19.d5 exd5 20.a3 Nc6 21.Rxd5 Qe6 22.Qg3 Qe7
23.Rgd1 Nb6 24.Rd6 b4 25.Nd5 Nxd5 26.R1xd5 bxa3 27.bxa3 Qxe4 28.Qh3 Bc8 29.Qh4 Qxe2
30.g6 f6 31.gxh7 Qxf3 32.Rd3 Qf5 33.Re3+ Ne5 34.Qc4 Rb8 35.Qg8+ Ke7 36.Rxe5+ fxe5
37.Qxh8 Qb1+ 38.Kd2 Rb2+ 39.Ke3 Qe1+  0-1